When you are in a hole...don't dig. (Record no. 73767)

MARC details
000 -LEADER
fixed length control field 01044cam a2200193 4500
008 - FIXED-LENGTH DATA ELEMENTS--GENERAL INFORMATION
fixed length control field 031112n2003 000 0 eng u
035 ## - SYSTEM CONTROL NUMBER
System control number (Sirsi) u124284
245 ## - TITLE STATEMENT
Title When you are in a hole...don't dig.
260 ## - PUBLICATION, DISTRIBUTION, ETC.
Date of publication, distribution, etc. 2003
490 ## - SERIES STATEMENT
Series statement RAC Foundation Press Release
Volume/sequential designation 7 November 2003 (3)
520 ## - SUMMARY, ETC.
Summary, etc. The RAC is calling for new legislation to cut the two billion pounds worth of delays caused by utilities companies digging up the road. The call comes after Department for Transport and Scottish Executive research indicated that some utility companies exaggerated the duration of road works to avoid fines. The Research examined section 74 of the New Roads and Street Works Act. Over-estimation appears to be between 35% and 50% more than the actual duration of the works. The press release can be viewed at http://www.racfoundation.org/release/071103rac.htm.
650 ## - SUBJECT ADDED ENTRY--TOPICAL TERM
Topical term or geographic name entry element RAC
650 ## - SUBJECT ADDED ENTRY--TOPICAL TERM
Topical term or geographic name entry element DFT
650 ## - SUBJECT ADDED ENTRY--TOPICAL TERM
Topical term or geographic name entry element ROAD WORKS
650 ## - SUBJECT ADDED ENTRY--TOPICAL TERM
Topical term or geographic name entry element UTILITY COMPANIES
650 ## - SUBJECT ADDED ENTRY--TOPICAL TERM
Topical term or geographic name entry element ESTIMATION
690 ## - LOCAL SUBJECT ADDED ENTRY--TOPICAL TERM (OCLC, RLIN)
Topical term or geographic name as entry element Project management
9 (RLIN) 6261
942 ## - ADDED ENTRY ELEMENTS (KOHA)
Suppress in OPAC 0
Holdings
Withdrawn status Lost status Source of classification or shelving scheme Damaged status Not for loan Home library Current library Shelving location Date acquired Total Checkouts Barcode Date last seen Copy number Price effective from Koha item type
    Dewey Decimal Classification     London London News article 12/11/2003   124284-1001 06/08/2019 1 06/08/2019 Journal article
    Dewey Decimal Classification     London London News article 12/11/2003   124284-1002 06/08/2019 2 06/08/2019 News article